MARC

LEADER 00000nas a22000007a 4500
001 ssj0017557
003 WaSeSS
005 20200512172242.0
006 m d
007 cr n
008 991123c19979999paumr pss 0 a0eng c
010 |a  2005215768 
022 |a 1558-2892  |l 1520-9385  |y 1520-9385 
035 |a (WaSeSS)ssj0017557 
037 |b Cahners Business Information, 8773 S. Ridgeline Blvd., Highland Ranch, CO 80126-2329 
040 |a AAA  |b eng  |c AAA  |d OCL  |d OCLCQ  |d NSD  |d DLC  |d OCLCQ  |d DLC  |d OCLCQ  |d OCLCF  |d OCLCO  |d VT2  |d OCLCQ  |d OCLCA  |d WaSeSS 
042 |a pcc  |a nsdp 
043 |a n-us--- 
050 4 |a TL1  |b .M9 
082 1 0 |a 629  |2 13 
130 0 |a Motor age (Radner, Pa. : 1997 : Online) 
222 0 |a Motor age  |b (1997. Online) 
245 1 0 |a Motor age  |h [electronic resource]. 
246 1 8 |a Chilton's motor age  |f <Oct. 1997>-Mar. 1998 
246 1 8 |a Cahners' motor age  |f Apr. 1998- 
246 1 |i At head of title:  |a Cahners  |f <Apr. 1998>- 
260 |a Radnor, Pa. :  |b Chilton Co.,  |c 1997- 
310 |a Monthly 
362 0 |a Vol. 116, no. 10 (Oct. 1997)- 
362 1 |a Print began with vol. 116, no. 10 (Oct. 1997). 
500 |a Imprint varies: published: Radnor, Pa. : Chilton Co., Oct. 1997-Mar. 1998; Highlands Rach, Colo. : Cahners Business Information, Apr. 1998- 
500 |a Title from available issues screen. 
506 |a License restrictions may limit access. 
538 |a Mode of access: World Wide Web. 
588 |a Latest issue consulted: July 1, 2005 (viewed Sept. 20, 2005). 
650 0 |a Automobiles  |v Periodicals. 
650 0 |a Automobile industry and trade  |z United States  |v Periodicals. 
650 0 |a Automobiles  |x Maintenance and repair  |v Periodicals. 
650 0 |a Automobiles  |x Maintenance and repair  |x Equipment and supplies  |v Periodicals. 
650 7 |a Automobile industry and trade.  |2 fast  |0 (OCoLC)fst00822961 
650 7 |a Automobiles.  |2 fast  |0 (OCoLC)fst00823232 
650 7 |a Automobiles  |x Maintenance and repair.  |2 fast  |0 (OCoLC)fst00823551 
650 7 |a Automobiles  |x Maintenance and repair  |x Equipment and supplies.  |2 fast  |0 (OCoLC)fst00823559 
651 7 |a United States.  |2 fast  |0 (OCoLC)fst01204155 
655 0 |a Electronic journals. 
710 2 |a Chilton Company. 
710 2 |a Cahners Business Information (Firm) 
776 1 |t Motor age (Radnor, Pa.)  |x 1520-9385  |w (DLC) 98642445  |w (OCoLC)37908615 
776 1 |t Motor age [microform]  |w (OCoLC)40158632 
780 0 0 |t Chilton's motor age (Radnor, Pa. : Online)  |w (OCoLC)42871491 
856 4 0 |z Full text available from Research Library: 01/01/2002 to present  |u https://search.proquest.com/publication/41571